000 00421pab a2200157 454500
008 180718b2006 xxu||||| |||| 00| 0 eng d
100 _aAndrade, Ronald
245 _aTrue lies: governor Schwarzenegger and other political leaders' response to tribal issues
260 _c2006
300 _ap.410-19.
362 _aNov
650 _aTribes
773 _aAmerican Behavioral Scientist
908 _aN
909 _a72370
999 _c72370
_d72370